CFQ: ciências físico-químicas
Saved in:
| Main Author: | |
|---|---|
| Other Authors: | |
| Format: | Unknown |
| Language: | Portuguese |
| Published: |
Lisboa
Texto
2000
|
| Edition: | 2ª ed. |
| Textbook Catalogue: | MANES: Library Catalog Search Result |
| Textbook Classification: |
|
| Tags: |
Add Tag
No Tags, Be the first to tag this record!
|
| Added to: | 2016-04-26 |
| Changed in: | 2025-04-25 |
MARC
| LEADER | 000000000a22000000004500 | ||
|---|---|---|---|
| 001 | 29912 | ||
| 003 | OSt | ||
| 005 | 20250425111527.0 | ||
| 008 | 160427s pt ||||| |||| 00| 0 por d | ||
| 040 | |c centro_manes | ||
| 041 | 1 | |a por | |
| 100 | 1 | |a Gonçalves, Conceição |9 14899 | |
| 245 | 0 | 0 | |a CFQ: ciências físico-químicas |
| 250 | |a 2ª ed. | ||
| 260 | 3 | |a Lisboa |b Texto |c 2000 | |
| 300 | |a 159, [1] p.; |c 27 cm | ||
| 561 | |5 pt-BNP |a Portugal. Biblioteca Nacional de Portugal |k MANES | ||
| 691 | |a SE | ||
| 690 | |a FQ | ||
| 700 | 1 | |a Pereira, Alda |9 14900 |a Souto, Ana |9 14901 | |
| 942 | |2 ddc |c BK | ||
| 546 | |a Portugal | ||
| 999 | |c 31374 |d 31374 | ||
| 999 | |c manes:31374 |d 31374 | ||